| 000 | 00618nam a2200181Ia 4500 | ||
|---|---|---|---|
| 003 | GCL | ||
| 008 | 140319s9999 xx 000 0 ara d | ||
| 040 |
_aGCL / _cGCL |
||
| 082 | 0 | 4 |
_a781.7565 _bع م |
| 100 | 1 | _aعدنان بن ذريل | |
| 245 | 1 | 0 |
_aالموسيقى فى سورية : البحث الموسيقى والفنون الموسيقية 1887 - 1987 / _cعدنان بن ذريل |
| 300 | _a330 ص | ||
| 490 | _a | ||
| 650 | 0 | 4 | _aالموسيقى الشعبية السورية |
| 650 | 0 | 4 | _aالموسيقى - تاريخ - سورية |
| 650 | 0 | 4 | _aالرقص الشرقى العربى |
| 942 |
_2ddc _cBK |
||
| 999 |
_c46230 _d46230 |
||